000 00222nam a22001097a 4500
040 _cSK
082 _a333
100 _aCHAY KONGKRUY
245 _aEnvironmental impact assessment
260 _aRUA
_bCHA
_c2012
942 _cEK
999 _c10342
_d10342